Možnosti softvéru PRAAT pri výučbe jazykov
PRAAT je voľne dostupný softvér na nahrávanie, analýzu a vizualizáciu reči. PRAAT a jeho základné črty, možnosti jeho využitia pri výučbe jazykov, hlavne na SŠ.
Guardado en:
| Autor principal: | |
|---|---|
| Otros Autores: | |
| Formato: | Capítulo de libro |
| Lenguaje: | eslovaco |
| Materias: | |
| Etiquetas: |
Sin Etiquetas, Sea el primero en etiquetar este registro!
|
MARC
| LEADER | 00000naa$a2200000$$$4500 | ||
|---|---|---|---|
| 001 | 0091840 | ||
| 005 | 20231010124803.4 | ||
| 041 | 0 | |a slo | |
| 044 | |a SK | ||
| 245 | 1 | 0 | |a Možnosti softvéru PRAAT pri výučbe jazykov |c Štefan Beňuš, Marcel Olšiak |
| 520 | |a PRAAT je voľne dostupný softvér na nahrávanie, analýzu a vizualizáciu reči. PRAAT a jeho základné črty, možnosti jeho využitia pri výučbe jazykov, hlavne na SŠ. | ||
| 610 | 2 | 0 | |a softvér |
| 610 | 2 | 0 | |a jazyky cudzie |
| 610 | 2 | 0 | |a vyučovanie |
| 100 | 1 | |a Beňuš, Štefan | |
| 700 | 1 | |a Olšiak, Marcel | |